Hasta el domingo /
Las rabietas de Lucía, sus momentos de alegría y su repentino y primer amor son algunos de los episodios que aquí se narran. No sólo te enterarás de las experiencias que vive la protagonista, sino que, además, podrás leer este libro en una forma novedosa: si quieres enterarte de lo que le sucedió a...
Guardado en:
| Autor Principal: | |
|---|---|
| Otros Autores: | |
| Formato: | Libro |
| Publicado: |
Bogotá :
Norma,
1996.
|
| Series: | Torre de Papel. Amarilla +11 años
|
| Materias: | |
| Etiquetas: |
Agregar Etiqueta
Sin Etiquetas, Sea el primero en etiquetar este registro!
|
| LEADER | 01243nam a22002295a 4500 | ||
|---|---|---|---|
| 001 | CEM.cems019957 | ||
| 008 | 230331s1996####ag############000#0#####d | ||
| 005 | 20230331142718.0 | ||
| 245 | 1 | 0 | |a Hasta el domingo / |c María Inés Falconi; ilustrado por Luz Carime Bersh. |
| 260 | |a Bogotá : |b Norma, |c 1996. | ||
| 300 | |a 208 p. | ||
| 490 | 0 | |a Torre de Papel. Amarilla +11 años | |
| 520 | |a Las rabietas de Lucía, sus momentos de alegría y su repentino y primer amor son algunos de los episodios que aquí se narran. No sólo te enterarás de las experiencias que vive la protagonista, sino que, además, podrás leer este libro en una forma novedosa: si quieres enterarte de lo que le sucedió a Lucía a los doce años, lee los capítulos impares; si, por el contrario, prefieres conocer los detalles de sus siete años, lee los capítulos pares. No importa cómo los leas, ¡todos y cada uno de los episodios te encantarán! | ||
| 020 | |a 9789580429029 | ||
| 100 | 1 | |a Falconi, María Inés. | |
| 700 | 1 | |a Carime Bersh, Luz; il. | |
| 653 | |a Literatura | ||
| 653 | |a Literatura Argentina | ||
| 653 | |a Novela | ||
| 653 | |a Novela Infantil | ||
| 653 | |a Literatura Infantil | ||
| 859 | |a CEMS |b BIB. CEMS - Inicial y Primaria |h A863.4 |i F183-2 |k IP |p 6318 |t Ej.1 | ||
